Изучение конфигураций комплексов собственных точечных дефектов в меди: квазигармоническое приближение; Физическая мезомеханика; Т. 7, № S2

Bibliografiske detaljer
Parent link:Физическая мезомеханика/ Российская академия наук (РАН), Сибирское отделение (СО), Институт физики прочности и материаловедения (ИФПМ).— , 1998-
Т. 7, № S2.— 2004.— [С. 231-234]
Hovedforfatter: Липницкий А. Г. Алексей Геннадьевич
Andre forfattere: Загорская Л. Ю. Любовь Юрьевна, Псахье С. Г. Сергей Григорьевич
Summary:Заглавие с экрана
С использованием метода погруженного атома в квазигармоническом приближении рассчитаны энергии связи комплексов собственных точечных дефектов малых размеров в меди как функции температуры. Исследована роль температурных эффектов в реализации различных атомных конфигураций собственных точечных дефектов.
Using the embedded atom method temperature dependences of binding energy of self-point defects complexes in Cu are calculated in a quasiharmonic approximation. The role of temperature effects in the realization of different atomic self-point defect configurations was investigated.
Режим доступа: по договору с организацией-держателем ресурса
Sprog:russisk
Udgivet: 2004
Fag:
Online adgang:http://elibrary.ru/item.asp?id=10332421
Format: MixedMaterials Electronisk Book Chapter
KOHA link:https://koha.lib.tpu.ru/cgi-bin/koha/opac-detail.pl?biblionumber=638934

MARC

LEADER 00000naa0a2200000 4500
001 638934
005 20250211095628.0
035 |a (RuTPU)RU\TPU\network\3331 
090 |a 638934 
100 |a 20150217d2004 k||y0rusy50 ca 
101 0 |a rus 
102 |a RU 
135 |a drcn ---uucaa 
181 0 |a i  
182 0 |a b 
200 1 |a Изучение конфигураций комплексов собственных точечных дефектов в меди: квазигармоническое приближение  |d A study of self-point defect complex configurations in copper: a quasiharmonic approximation  |f А. Г. Липницкий, Л. Ю. Загорская, С. Г. Псахье 
203 |a Текст  |c электронный 
300 |a Заглавие с экрана 
330 |a С использованием метода погруженного атома в квазигармоническом приближении рассчитаны энергии связи комплексов собственных точечных дефектов малых размеров в меди как функции температуры. Исследована роль температурных эффектов в реализации различных атомных конфигураций собственных точечных дефектов. 
330 |a Using the embedded atom method temperature dependences of binding energy of self-point defects complexes in Cu are calculated in a quasiharmonic approximation. The role of temperature effects in the realization of different atomic self-point defect configurations was investigated. 
333 |a Режим доступа: по договору с организацией-держателем ресурса 
461 |t Физическая мезомеханика  |f Российская академия наук (РАН), Сибирское отделение (СО), Институт физики прочности и материаловедения (ИФПМ)  |d 1998- 
463 |t Т. 7, № S2  |v [С. 231-234]  |d 2004 
510 1 |a A study of self-point defect complex configurations in copper: a quasiharmonic approximation  |z eng 
610 1 |a электронный ресурс 
610 1 |a труды учёных ТПУ 
700 1 |a Липницкий  |b А. Г.  |g Алексей Геннадьевич 
701 1 |a Загорская  |b Л. Ю.  |c физик  |c старший преподаватель Томского политехнического университета  |f 1981-  |g Любовь Юрьевна  |3 (RuTPU)RU\TPU\pers\33546  |9 17213 
701 1 |a Псахье  |b С. Г.  |c физик  |c заведующий лабораторией, советник ректора, заведующий кафедрой Томского политехнического университета, доктор физико-математических наук  |f 1952-  |g Сергей Григорьевич  |3 (RuTPU)RU\TPU\pers\25589 
801 2 |a RU  |b 63413507  |c 20150217  |g RCR 
856 4 |u http://elibrary.ru/item.asp?id=10332421 
942 |c CF